Clic - Les BD d'aviation - Statistiques

Statistiques générales
  • Ce quiz a été pris 25 fois
  • Le résultat moyen est 14 sur 21
Statistiques - réponses
Hint Réponse % Correct
L'escadrille des têtes (...) brulées
100%
(...) rouge Baron
93%
Adler - L'aigle à (...) têtes deux
93%
Tanguy & (...) Laverdure
93%
Au-delà des (...) nuages
93%
F.A.(...) F.L.
86%
Michel & (...) Thierry
86%
Eagle - L'(...) à deux têtes aigle
79%
Buck (..) Danny
79%
La (...) de l'air fille
79%
Le (...) duc grand
79%
Dan (...) Cooper
71%
Le pilote à l'(...) edelweiss
71%
(...) aériennes acrobatiques Patrouilles
64%
Le (...) des nuages poids
57%
(...) de vents Faucheurs
50%
(...) Rafale Team
36%
(...) 66 Flottille
21%
(...) leader Rafale
21%
Johnny (...) Red
21%
Martin (...) Milan
14%
Aucun quiz correspondant
Distribution des résultats
% des personnes avec chaque résultat
Percentile par nombre de réponses
Votre historique - résultats
Vous n’avez pas pris ce quiz